| 000 | 01424nam a22004577a 4500 | ||
|---|---|---|---|
| 003 | OSt | ||
| 005 | 20230629084551.0 | ||
| 008 | 170318s2016 gt||||| |||| 00| 0 spa d | ||
| 040 | _cLado V | ||
| 082 | 0 | 4 |
_a700 _bJ91a |
| 100 |
_aJuarez M., Juan Bautista _9861 _eeditor |
||
| 245 | 1 | 0 |
_aArtefacto/ _bRevista de Arte y Cultura en Blanco y Negro/ |
| 260 |
_aNicaragua _bArtes Graficas y Ediciones _c2001 |
||
| 300 |
_a62p. _c22x28 cm |
||
| 490 |
_a19 _v2001 |
||
| 505 | _aFe de Ratas | ||
| 505 | _aAmalia la Portuguesa espere visita | ||
| 505 | _aBuscando el reflejo en el espejo | ||
| 505 | _aJigs and Lures | ||
| 505 | _aXilografía | ||
| 505 | _aDarío y la plástica en París | ||
| 505 | _aItinerario Funebre | ||
| 505 | _aMAO | ||
| 505 | _aFidelina siempre vuelve | ||
| 505 | _aEl toro venado | ||
| 505 | _aAnti-homenaje | ||
| 505 | _aVisión del enemigo | ||
| 505 | _aCentroamérica | ||
| 505 | _aoutlawed words | ||
| 505 | _aRevolvición | ||
| 505 | _aAmor Filial | ||
| 505 | _aCarta desde la Habana | ||
| 505 | _aSuite de Tanger | ||
| 505 | _aOcurrencias y veredictos | ||
| 505 | _aLibros y Revistas Recibidas | ||
| 650 |
_2Tesauro de Arte & Arquitectura _aARTE |
||
| 650 |
_2Tesauro de Arte & Arquitectura _aCULTURA |
||
| 650 |
_2Tesauro de Arte & Arquitectura _aLITERATURA |
||
| 700 | 1 |
_aSvankmajer. _eilustrador. _95749 |
|
| 942 |
_2ddc _c1 _h700 _iJ91a _n0 |
||
| 999 |
_c3966 _d3966 |
||